| 000 | 00983nam a22002894c 4500 | ||
|---|---|---|---|
| 003 | AR-BaSMT | ||
| 008 | 240627b2006 enka|||ar|||| 000 1 ing d | ||
| 020 | _a9780007235940 | ||
| 040 |
_aBSGB _bespañol _erda |
||
| 041 | 0 |
_aing _hInglés |
|
| 080 | _a82-34 | ||
| 100 | 1 |
_aShipton, Paul _9480 |
|
| 245 | 1 | 0 | _aBart the Shark |
| 264 |
_aLondres : _bCollins, _c2006 |
||
| 300 |
_a16 páginas ; _bilustraciones color |
||
| 336 |
_2rdacontent _atexto _btxt |
||
| 337 |
_2rdamedia _asin mediación _bn |
||
| 338 |
_2rdacarrier _avolumen _bnc |
||
| 490 | _aBig Cat Phonics - Yellow Band 3 | ||
| 520 | _aBart the Shark is big and bad. Bart the Shark is feeling mad! Find out what happens to the little fish when Bart the Shark comes to visit, in this very funny rhyming story. | ||
| 521 | _aJardín / Primaria | ||
| 650 | 7 |
_98 _aLITERATURA INFANTIL _vInglés _xPhonics |
|
| 650 | 7 |
_923 _aCUENTO |
|
| 700 | 1 |
_aSturat, Jon _9481 _eIlustrador |
|
| 942 |
_2ddc _aBOOK |
||
| 999 |
_c645 _d645 |
||